Sports Quiz

Random Sports Quiz
Score 0/35 Timer 08:00
0 Plays Today
Athlete Movie Title % Correct
Willie Mays HayesMajor League
84.6%
Shooter McGavinHappy Gilmore
84.6%
Clubber LangRocky 3
81.1%
Randy 'the Ram' RobinsonThe Wrestler
78.1%
Bobby Boucher jr.The Waterboy
75.7%
Roy HobbsThe Natural
74.6%
Paul CreweThe Longest Yard
73.4%
Shane FalcoThe Replacements
72.2%
Gordon BombayMighty Ducks
67.5%
Jimmy MacElroyBlades of Glory
66.3%
Rod TidwellJerry Maguire
65.7%
Cal Naughton jr.Talladega Nights
65.1%
Willie BeamenAny Given Sunday
62.7%
Ebby Calvin 'Nuke' LabooshBull Durham
60.4%
Cole TrickleDays of Thunder
59.8%
Reggie DunlapSlapshot
56.8%
Ernie McCrackenKingpin
55%
Jimmy DuganA League of Their Own
48.5%
Athlete Movie Title % Correct
Jonathan 'Mox MoxonVarsity Blues
44.4%
Billy ChapelFor the Love of the Game
42.6%
Jesus ShuttlesworthHe Got Game
42%
Mason 'the Line' DixonRocky Balboa
38.5%
Rannulph JunuhThe Legend of Bagger Vance
32%
Billy HoyleWhite Men Can't jump
24.9%
Stan RossMr. 3000
21.9%
Jimmy KingReady to Rumble
18.3%
Terry MalloyOn the Waterfront
16.6%
Jimmy 'Dodge' ConnellyLeatherheads
13%
Paul BlakeNecessary Roughness
10.7%
Peter ColtWimbledon
9.5%
Chris WiltonMatch Point
7.7%
Billy PrickettDukes of Hazzard
4.1%
Ray FinkleAce Venture, Pet Detective
2.4%
Norman 'Sonny' SteeleElectric Horseman
1.2%
Robert (Roberta) MuldoonWorld According to Garp
0.6%
Remove Ads.
Support Sporcle.
Get the best of Sporcle when you Go Orange. This ad-free experience offers more features, more stats, and more fun while also helping to support Sporcle. Thank you for becoming a member.

You're not logged in!

Compare scores with friends on all Sporcle quizzes.
OR
Log In

Show Comments

Extras

Created Nov 24, 2010ReportNominate
Tags:Athletes

Top Quizzes Today


Score Distribution

Your Account Isn't Verified!

In order to create a playlist on Sporcle, you need to verify the email address you used during registration. Go to your Sporcle Settings to finish the process.

Report this User

Report this user for behavior that violates our Community Guidelines.

Details: